Сорные растения Таджикистана / (Record no. 471502)
[ view plain ]
| 000 -LEADER | |
|---|---|
| fixed length control field | 00848nam-a2200229-a-4500 |
| 001 - CONTROL NUMBER | |
| control field | YSU0164124 |
| 003 - CONTROL NUMBER IDENTIFIER | |
| control field | AM-YeHGA |
| 005 - DATE AND TIME OF LATEST TRANSACTION | |
| control field | 20250617161431.0 |
| 008 - FIXED-LENGTH DATA ELEMENTS--GENERAL INFORMATION | |
| fixed length control field | 990419s1953 xxu 000 0 rus u |
| 020 ## - INTERNATIONAL STANDARD BOOK NUMBER | |
| Terms of availability | 27.95 |
| 040 ## - CATALOGING SOURCE | |
| Original cataloging agency | AM-YeHGA |
| 090 ## - LOCALLY ASSIGNED LC-TYPE CALL NUMBER (OCLC); LOCAL CALL NUMBER (RLIN) | |
| -- | 474762 |
| 245 00 - TITLE STATEMENT | |
| Title | Сорные растения Таджикистана / |
| Number of part/section of a work | |
| Statement of responsibility, etc. | Отв. ред. И.Т. Васильченко ; АН СССР ; АН ТаджССР. |
| 260 ## - PUBLICATION, DISTRIBUTION, ETC. | |
| Place of publication, distribution, etc. | Ленинград ; |
| -- | Москва : |
| Name of publisher, distributor, etc. | АН СССР, |
| Date of publication, distribution, etc. | 1953. |
| 300 ## - PHYSICAL DESCRIPTION | |
| Extent | часть : |
| Other physical details | ил. |
| 505 00 - FORMATTED CONTENTS NOTE | |
| Miscellaneous information | Ч. 1 (1953; 450 с.) |
| -- | Ч. 2 (1953; 321 с.) |
| 650 14 - SUBJECT ADDED ENTRY--TOPICAL TERM | |
| Topical term or geographic name entry element | Физиология растений |
| 700 1# - ADDED ENTRY--PERSONAL NAME | |
| Personal name | Васильченко, И.Т. |
| Relator term | ред. |
| Relationship | edt |
| 710 2# - ADDED ENTRY--CORPORATE NAME | |
| Corporate name or jurisdiction name as entry element | Академия наук СССР |
| 710 2# - ADDED ENTRY--CORPORATE NAME | |
| Corporate name or jurisdiction name as entry element | Академия наук Таджикской ССР |
| 942 ## - ADDED ENTRY ELEMENTS (KOHA) | |
| Source of classification or shelving scheme | Universal Decimal Classification |
| Koha item type | Գրքեր / Books |
| Withdrawn status | Lost status | Damaged status | Not for loan | Collection | Home library | Current library | Date acquired | Serial enumeration / chronology | Total checkouts | Full call number | Barcode | Date last seen | Price effective from | Koha item type | Public note | Source of classification or shelving scheme |
|---|---|---|---|---|---|---|---|---|---|---|---|---|---|---|---|---|
| General | Fundamental Scientific Library | Fundamental Scientific Library | 05/06/2018 | Т. 1 | РД III/6351 | FL0502684 | 05/06/2018 | 05/06/2018 | Գրքեր / Books | 30 Days Loan | ||||||
| General | Fundamental Scientific Library | Fundamental Scientific Library | 05/06/2018 | Ч. 2 | РД III/6492 | FL0501332 | 05/06/2018 | 05/06/2018 | Գրքեր / Books | 30 Days Loan | Universal Decimal Classification |
ՀՀ Գիտությունների ազգային ակադեմիայի հիմնարար գիտական գրադարան = Fundamental Scientific Library of NAS RA
All site content, except where otherwise noted, is licensed under a